000 00858nam a2200277 a 4500
001 33147
003 BD-RjUL
005 20211209051944.0
008 140430r19611918enkcfh b 001 0 eng d
035 _a(BD-RjUL)33238
040 _aBNG
_cBNG
_beng
_dBD-RjUL
041 _aeng
082 0 0 _bMAT 1961
_a297.88
090 _aBP320
_b.B7
245 1 0 _aMaterials for the study of the Bábí religion /
_ccompiled by Edward G. Browne.
246 1 8 _aBabi religion
260 _aCambridge :
_bThe University press,
_c1961.
300 _axxiv, 380p. :
_bfront., pl., ports., facsims. ;
_c19 cm.
500 _a"First printed 1918."
500 _aOn spine: The Babi Religion.
504 _aInclude index and Bibliographical footnotes.
650 0 _aBabism
_9100690
650 0 _aBahai Faith
_9100343
700 1 _a Browne, Edward G.
_9101074
942 _2ddc
_cBK
999 _c33147
_d33147